Score 0/24 Timer 04:00
2 Plays Today
5-Letter Word % Correct
Ssushi
88.4%
Rrabbi
88.3%
AAtari
87.9%
HHaiti
87.1%
PPetri
86.5%
IIrani
81.7%
Vventi
78.4%
DDelhi
73.6%
MMāori
63.5%
Qquasi
62.7%
Cchili
62.5%
YYoshi
60.3%
5-Letter Word % Correct
Eennui
55.6%
TTutsi
51.9%
Ffungi
49.5%
Ookapi
48.1%
XXLVII
47.7%
BBenji
47.5%
Uumami
41.6%
Llanai
37.1%
GGaudí
35.7%
Kkanji
26.2%
JJinni
20.7%
NNurmi
13.7%
Remove Ads.
Support Sporcle.
Get the best of Sporcle when you Go Orange. This ad-free experience offers more features, more stats, and more fun while also helping to support Sporcle. Thank you for becoming a member.

You're not logged in!

Compare scores with friends on all Sporcle quizzes.
OR
Log In

Sporcle TV

Today on Sporcle TV


Watch our educational content, quiz creation guides, and fun videos on Sporcle TV.

Show Comments

Extras

Top Quizzes Today


Score Distribution

Paid Content

Your Account Isn't Verified!

In order to create a playlist on Sporcle, you need to verify the email address you used during registration. Go to your Sporcle Settings to finish the process.

Report this User

Report this user for behavior that violates our Community Guidelines.

Details: